000 00785cam a22002653a 4500
001 9911
003 PGUSA
005 20140828083217.0
008 060201s2006||||xxu|||||s|||||000 1 eng d
040 _aPGUSA
_beng
042 _adc
050 4 _aPG
100 1 _aTurgenev, Ivan Sergeevich,
_d1818-1883
245 1 4 _aThe Torrents of Spring
_h[electronic resource] /
_cIvan Sergeevich Turgenev
260 _bProject Gutenberg,
_c2006
506 _aPublic domain in the USA.
516 _aElectronic text
653 _aLove stories
653 _aRussian fiction -- Translations into English
700 1 _aGarnett, Constance,
_d1861-1946
740 0 _aVeshnie vody. English
830 0 _aProject Gutenberg
_v9911
856 4 0 _uhttp://www.gutenberg.org/ebooks/9911
942 _cEB
999 _c239167
_d239167